Recepción de la novela El otoño del patriarca /

Resumen: Resume algunas críticas acerca de El otoño del Patriarca y las ordena de acuerdo con los códigos ideológicos que comprenden la temática, el autor y la obra misma. Al respecto, concluye que a pesar de que diferentes investigadores han analizado esta novela, las críticas no presentan muchas d...

Descrición completa

Gardado en:
Detalles Bibliográficos
Autor Principal: Víquez Guzmán, Benedicto
Formato: Desconocido
Materias:
Etiquetas: Engadir etiqueta
Sen Etiquetas, Sexa o primeiro en etiquetar este rexistro!

MARC

LEADER 000000000a22000000004500
001 005671
100 1 |a Víquez Guzmán, Benedicto 
245 1 0 |a Recepción de la novela El otoño del patriarca /   |c Benedicto Víquez Guzmán. 
310 |a Semestral 
520 |a Resumen: Resume algunas críticas acerca de El otoño del Patriarca y las ordena de acuerdo con los códigos ideológicos que comprenden la temática, el autor y la obra misma. Al respecto, concluye que a pesar de que diferentes investigadores han analizado esta novela, las críticas no presentan muchas diferencias. 
650 4 |a GARCÍA MÁRQUEZ, GABRIEL, 1928- 
650 4 |a EL OTOÑO DEL PATRIARCA 
650 4 |a LITERATURA COLOMBIANA 
650 4 |a NOVELA 
650 4 |a CRÍTICA 
773 0 |d Heredia, Costa Rica : Editorial de la Universidad Nacional  |t Letras  |g número 13-14 (1980), páginas 185-205 
942 |c ARC 
999 |c 12426  |d 12426